000
00259nam a2200109Ia 4500
008
230411s9999 xx 000 0 und d
041
_a
eng
100
_a
Mali Ramling
245
_a
Health Economics for Nurses
260
_b
Sneha Publications
300
_a
143p
999
_c
155484
_d
155484